Rozpoznaj polskie miasto po sloganach - Statystyki

Ogólne statystyki
  • Ten quiz został rozwiązany 223 razy
  • Średni wynik to 10 z 21
Statystyki odpowiedzi
Hint Odpowiedź % Poprawnych
Miasto doznań Poznań
95%
Miasto wolności Gdańsk
87%
Stolica polskiej piosenki Opole
87%
Najbliżej Tatr Zakopane
86%
Miasto spotkań Wrocław
81%
Kurort pełen życia Sopot
68%
Miasto świętej wieży Częstochowa
67%
Gotyk na dotyk Toruń
63%
Miasto soli Bochnia
46%
Kraina 44 wysp Świnoujście
46%
Siła w precyzji Radom
45%
Miasto pod Śnieżką Karpacz
43%
Blisko raju Kielce
38%
Padwa północy Zamość
35%
Przystań Gorzów Wielkopolski
25%
Stolica polskiego złota Złotoryja
25%
Wrażeń moc Płock
23%
Rozwiń skrzydła Leszno
20%
Miasto gwiazd Międzyzdroje
19%
Miasto z ikrą Rybnik
15%
Miasto pełną parą Wolsztyn
14%
Nie znaleziono quizów pasujących do podanych kryteriów
Rozkład punktacji
Procent ludzi z każdym wynikiem
Percentyl według liczby udzielonych odpowiedzi
Twoja historia wyników
Nie rozwiązałeś tego quizu